02247cam a2200301 i 450000100190000000500170001900800410003602000180007703501550009503500240025004000080027404100130028205000320029510000260032724000210035324501330037425000310050726400780053830000270061652011010064354600490174465000280179365000220182165000290184365000170187265500180188970000380190799110735618610619620251120123909.0240220s2024 nyu e 000 j eng d a9780063346543 a(OCoLC)1422572926z(OCoLC)1382385284z(OCoLC)1414654936z(OCoLC)1416719046z(OCoLC)1422583627z(OCoLC)1423519269z(OCoLC)1424477026z(OCoLC)1424628913 a(OCoLC)on1422572926 ctbs1 aenghpor 4aPQ9698.13.O3546bM3513 2024 aCoelho, Pauloeauthor10aMaktub.lEnglish10aMaktub b: an inspirational companion to The Alchemist c/ Paulo Coelho ; translated from the Portuguese by Margaret Jull Costa. aFirst HarperOne hardcover. 1aNew York, NY :bHarperOne, an imprint of HarperCollins Publishers,c2024. axi, 205 pages ;c21 cm aUncover timeless wisdom and unlock your spiritual journey with an insightful and inspiring collection of short stories and fables by Paulo Coelho—international bestselling and prize-winning author of The Alchemist A thought-provoking companion to the landmark literary classic The Alchemist comes Maktub (meaning "it is written"), a stunning collection that invites readers to reflect, rediscover, and find inspiration in life's quiet moments. Perfect for seekers of personal growth, divine faith, healing, and transformation, this national bestseller—from profoundly beloved and bestselling author Paulo Coelho—comes a variety of parables and stories pulled from Coelho's celebrated daily columns. As he explains, “Maktub is not a book of advice—but an exchange of experiences.” Each story—brief yet mighty—delivers lessons rooted in universal truths, weaving together spirituality, humanity, and self-reflection. Drawn from Coelho's experiences with spiritual leaders, friends, and cultural teachings, these stories are crafted to resonate with readers from all walks of life. aIn English ; translated from the Portuguese. 0aSpiritual lifevFiction 0aParablesvFiction 0aConduct of lifexFiction 0aGodvFiction 0aShort stories aCosta, Margaret Jull etranslator